| 000 | 00573nam a2200193Ia 4500 | ||
|---|---|---|---|
| 005 | 20250508162115.0 | ||
| 008 | 008 250505s9999 xx 000 0 eng d | ||
| 037 | _aTextual | ||
| 040 |
_aFEDL _beng _cFEDL |
||
| 041 |
_aeng _2eng |
||
| 084 |
_a370.19, NAG _qFEDL |
||
| 100 | _aNagpaul Hans | ||
| 245 | 0 | _aCulture, education and social welfare need for indigenous foundations | |
| 260 |
_aNew Delhi, India _bS. Chand and Company Limited _c1980 |
||
| 300 | _ax,420p. | ||
| 650 | _aEducation | ||
| 942 |
_cTEXL _h370.19, NAG |
||
| 999 |
_c1374422 _d1374422 |
||